Score 0/14 Timer 04:00
2 Plays Today
% Correct
in a house
77.9%
with a fox
77.7%
with a mouse
76.6%
in a box
75%
on a train
74.8%
on a boat
67.2%
here
61.9%
% Correct
there
61.9%
anywhere
60.2%
with a goat
59.7%
in a car
56.8%
in the rain
45.6%
in a tree
42.6%
in the dark
31.3%

You're not logged in!

Compare scores with friends on all Sporcle quizzes.
OR
Log In

Sporcle TV

Today on Sporcle TV


Watch our educational content, quiz creation guides, and fun videos on Sporcle TV.

Show Comments

Extras

Top Quizzes Today


Score Distribution

Paid Content

Your Account Isn't Verified!

In order to create a playlist on Sporcle, you need to verify the email address you used during registration. Go to your Sporcle Settings to finish the process.

Report this User

Report this user for behavior that violates our Community Guidelines.

Details: